000 00317nam a2200133Ia 4500
008 190216s9999||||xx |||||||||||||| ||und||
100 _aVillyam Jadsan Levek
245 0 _aSamkhya Sidhantham
250 _a1st Ed.
260 _bKerala Bhasha Institute
_c1975
300 _a256
650 _aMathematics
942 _cBK
999 _c37729
_d37729